| Tag |
First Indicator |
Second Indicator |
Subfields |
| LEADER |
00000cgm a2200000Mi 4500 |
| 001 |
in00005544513 |
| 006 |
m o c |
| 007 |
vz |zazu| |
| 007 |
cr |n|---||a|a |
| 008 |
080405s2004 vau048 g o vleng d |
| 005 |
20241201230416.2 |
| 035 |
|
|
|a (OCoLC)ocn733445850
|
| 040 |
|
|
|a ALSTP
|b eng
|e pn
|c ALSTP
|d OCLCQ
|d UAB
|d VMC
|d NLGGC
|d IAD
|d HF9
|d OCLCQ
|d OCLCF
|d ICG
|d INT
|d OCLCQ
|d WYU
|d YOU
|d TKN
|d OCL
|d SFB
|d OCLCO
|d OCLCL
|d OCLCQ
|d OCLCL
|d OCLCQ
|
| 019 |
|
|
|a 781828144
|a 1096542896
|
| 035 |
|
|
|a (OCoLC)733445850
|z (OCoLC)781828144
|z (OCoLC)1096542896
|
| 050 |
|
4 |
|a BF109.A1
|b L5 2004
|
| 050 |
|
4 |
|a AE5
|b .A930 Internet
|
| 082 |
1 |
4 |
|a 793.319
|q OCoLC
|
| 049 |
|
|
|a TXAM
|
| 245 |
0 |
0 |
|a Living legends.
|
| 260 |
|
|
|a Alexandria, VA :
|b American Counseling Association,
|c 2004.
|
| 300 |
|
|
|a 1 online resource (48 min.)
|
| 336 |
|
|
|a two-dimensional moving image
|b tdi
|2 rdacontent
|
| 337 |
|
|
|a computer
|b c
|2 rdamedia
|
| 338 |
|
|
|a online resource
|b cr
|2 rdacarrier
|
| 520 |
|
|
|a A keynote panel of living legends including Jon Carlson, John Krumboltz, William Glasser, Albert Ellis, and Patricia Arredondo speaks at ACA's 2004 Annual Convention on April 3, 2004 in Kansas City, Missouri. They touch on what they hope their lasting message will be, what books they recommend to counselors, as well as more personal topics like what they would be doing if they were not living legends, and what activities they enjoy in their free time.
|
| 521 |
|
|
|a For professional psychology therapists and psychology students.
|
| 546 |
|
|
|a English.
|
| 588 |
0 |
|
|a Print version record.
|
| 600 |
1 |
0 |
|a Carlson, Jon.
|
| 600 |
1 |
0 |
|a Krumboltz, John D.
|
| 600 |
1 |
0 |
|a Glasser, William,
|d 1925-2013.
|
| 600 |
1 |
0 |
|a Ellis, Albert,
|d 1913-2007.
|
| 600 |
1 |
0 |
|a Arredondo, Patricia.
|
| 600 |
1 |
7 |
|a Arredondo, Patricia.
|2 fast
|0 (OCoLC)fst01911617
|
| 600 |
1 |
7 |
|a Ellis, Albert,
|d 1913-2007.
|2 fast
|0 (OCoLC)fst01439826
|1 https://id.oclc.org/worldcat/entity/E39PBJwhtbGKjmWRJxgTRj97HC
|
| 600 |
1 |
7 |
|a Glasser, William,
|d 1925-2013.
|2 fast
|0 (OCoLC)fst01898082
|1 https://id.oclc.org/worldcat/entity/E39PBJbCJytrX9ftRm3kFPVBfq
|
| 600 |
1 |
7 |
|a Krumboltz, John D.
|2 fast
|0 (OCoLC)fst01435134
|1 https://id.oclc.org/worldcat/entity/E39PBJdx6PKCK36yY4DXPdgtKd
|
| 650 |
|
0 |
|a Psychologists
|v Biography.
|
| 650 |
|
6 |
|a Psychologues
|v Biographies.
|
| 650 |
|
7 |
|a Psychologists.
|2 fast
|0 (OCoLC)fst01081415
|
| 653 |
|
0 |
|a Rational emotive behavior therapy
|
| 655 |
|
0 |
|a Educational.
|
| 655 |
|
4 |
|a Streaming videos.
|
| 655 |
|
7 |
|a Biographies.
|2 fast
|0 (OCoLC)fst01919896
|
| 655 |
|
7 |
|a Educational.
|2 lcgft
|
| 856 |
4 |
0 |
|u http://proxy.library.tamu.edu/login?url=https://www.aspresolver.com/aspresolver.asp?AVN2;1779077
|z Connect to this streaming video (Alexander Street Press)
|t 0
|
| 955 |
|
|
|a Alexander Street Press subscription streaming video
|
| 994 |
|
|
|a 92
|b TXA
|
| 999 |
f |
f |
|s 34c182f0-de10-4c87-80e6-932dc14e19d2
|i b269fc54-6482-48d5-bb4a-37d09d82cecc
|t 0
|
| 952 |
f |
f |
|a Texas A&M University
|b College Station
|c Electronic Resources
|d Available Online
|t 0
|e BF109.A1AE5 L5 2004.A930 Internet
|h Library of Congress classification
|
| 998 |
f |
f |
|a BF109.A1AE5 L5 2004.A930 Internet
|t 0
|l Available Online
|